Aby sme nemali citovo invalidné deti

Bibliographic Details
Main Author: Zelinová, Milota, 1943- (Author)
Format: Article
Language:Slovak
Subjects:

MARC

LEADER 00000nab a2200000 a 4500
001 vtls000564398
003 SK-MaSNL
005 20260304205414.0
008 250425c19951996xo 0 slo
015 |a SNBRB19rr/mm-uuuuu 
035 |a CL0564536 
035 |a urn:nbn:sk:snk-ab1eew 
035 |a (urnnbn)urn:nbn:sk:snk:ar-002z9k 
035 |a (uuid)16f8e220-e709-49c0-a270-a3b857959365 
040 |a SNKBUCL  |b slo  |c SNKBUCL  |e AACR2 
041 0 |a slo 
044 |a xo  |c SK 
080 |a 37.03:159.942-053.4:373.24  |2 1981 
080 |a 373.24  |2 1981 
100 1 |a Zelinová, Milota,  |d 1943-  |4 aut  |9 6300 
245 1 0 |a Aby sme nemali citovo invalidné deti  |c Milota Zelinová 
650 0 7 |a deti predškolského veku  |2 snkbucl  |9 4103 
650 0 7 |a emocionálna výchova  |2 snkbucl  |9 71709 
655 7 |a články z novín a časopisov  |2 snkbucl  |9 267496 
773 0 |t Predškolská výchova  |g Roč. 50, č. 3 (1995/1996), s. 2-4 
850 |a Slovenská národná knižnica 
852 |a Slovenská národná knižnica 
954 |a odborná, vedecká literatúra pôvodná (slovenská)  |2 lita 
958 |a article27 
958 |a RK 
958 |a SK 
958 |a OND 
958 |a EUIPO 
992 |a RBX 
999 |c 3120749  |d 3122679